Sports Quiz

Random Sports or MLB Quiz

1990 MLB Saves Leaders Quiz Stats

 Plays Quiz not verified by Sporcle

Challenge
Share
Tweet
Embed
Score 0/35 Timer 12:00
0 Plays Today
Team Answer % Correct
Chicago White SoxBobby Thigpen
97.3%
Oakland AthleticsDennis Eckersley
97.3%
St. Louis CardinalsLee Smith
90.5%
Houston AstrosDave Smith
90.5%
New York MetsJohn Franco
85.1%
Cincinnati RedsRandy Myers
82.4%
Toronto Blue JaysTom Henke
79.7%
Minnesota TwinsRick Aguilera
75.7%
Cleveland IndiansDoug Jones
74.3%
New York YankeesDave Righetti
74.3%
Boston Red SoxJeff Reardon
74.3%
Chicago CubsMitch Williams
73%
Cincinnati RedsRob Dibble
73%
Baltimore OriolesGregg Olson
70.3%
Kansas City RoyalsJeff Montgomery
68.9%
California AngelsBryan Harvey
60.8%
Toronto Blue JaysDuane Ward
60.8%
San Francisco GiantsSteve Bedrosian
58.1%
Team Answer % Correct
Milwaukee BrewersDan Plesac
55.4%
Texas RangersJeff Russell
52.7%
Detroit TigersMike Henneman
45.9%
Montreal ExposTim Burke
37.8%
Los Angeles DodgersJay Howell
36.5%
San Diego PadresCraig Lefferts
33.8%
Philadelphia PhilliesRoger McDowell
33.8%
Seattle MarinersMike Schooler
29.7%
San Francisco GiantsJeff Brantley
28.4%
Pittsburgh PiratesBill Landrum
20.3%
Texas RangersKenny Rogers
17.6%
Chicago CubsPaul Assenmacher
14.9%
California AngelsMark Eichhorn
13.5%
Milwaukee BrewersChuck Crim
8.1%
Philadelphia PhilliesJoe Boever
4.1%
Detroit TigersJerry Don Gleaton
2.7%
Montreal ExposDave Schmidt
2.7%

You're not logged in!

Compare scores with friends on all Sporcle quizzes.
OR
Log In

You Might Also Like...

Show Comments

Extras

Created Dec 27, 2015ReportNominate
Tags:MLB Quiz, 1990, leader, least, save, saved, season, team

Top Quizzes Today


Score Distribution

Your Account Isn't Verified!

In order to create a playlist on Sporcle, you need to verify the email address you used during registration. Go to your Sporcle Settings to finish the process.

Report this User

Report this user for behavior that violates our Community Guidelines.

Details: